Russian Roulette: the inside story of Putin's war on america and the election of Donald Trump/ (Record no. 177691)

MARC details
000 -LEADER
fixed length control field 00710nam a22001937a 4500
005 - DATE AND TIME OF LATEST TRANSACTION
control field 20210225153443.0
010 ## - LCCN (DPL NO)
LC control number ENG-129066
020 ## - INTERNATIONAL STANDARD BOOK NUMBER
Terms of availability 699.00
International Standard Book Number 978-1-5387-1473-7
035 ## - SYSTEM CONTROL NUMBER
System control number EN-112598
037 ## - SOURCE OF ACQUISITION
Source of stock number/acquisition DBAD/PUB
082 ## - DEWEY DECIMAL CLASSIFICATION NUMBER
Classification number 324.973
100 ## - MAIN ENTRY--PERSONAL NAME
Personal name Isikoff, Michael
245 ## - TITLE STATEMENT
Title Russian Roulette: the inside story of Putin's war on america and the election of Donald Trump/
Remainder of title Michael Isikoff and David Corn
260 ## - PUBLICATION, DISTRIBUTION, ETC. (IMPRINT)
Place of publication, distribution, etc Gurugram
Name of publisher, distributor, etc Hachette Book Publishing India Pvt. Ltd.
Date of publication, distribution, etc 2018
270 ## - ADDRESS
City Gurugram
Address 4th/5th Floors, Corporate Centre, Plot No- 94, Sec- 44
Postal code 122003
300 ## - PHYSICAL DESCRIPTION
Extent xi+338p.
Dimensions 23cm(pbk)
Other physical details Including index.
700 ## - ADDED ENTRY--PERSONAL NAME
Personal name Corn, David
942 ## - ADDED ENTRY ELEMENTS (KOHA)
Source of classification or shelving scheme Dewey Decimal Classification
Item type English Books
Classification part 324.973
Call number suffix ISI
Holdings
Withdrawn status Lost status Not for loan Collection code Home library Current library Date acquired Source of acquisition Cost, normal purchase price Full call number Barcode Copy number Cost, replacement price Koha item type
      Non-fiction Ashok Vihar Ashok Vihar 25/02/2021 DBAD/PUB 699.00 324.973 ISI EN-112598 1 699.00 English Books

© Delhi Public Library
Hit Counter
free hit counter